000 00475nam a22001937a 4500
003 CEME
005 20210628201921.0
008 210208b xxu||||| |||| 00| 0 eng d
020 _a81-203-0270-2
040 _c.
082 _a512.5 HOF
100 _aHoffman, Kenneth ,Kunze, Ray
_98662
245 _aLinear algebra
250 _a2ND
260 _aNEW DELHI
_bPRENTICE HALL OF INDIA
_c2004
300 _aXIV,407P
650 _aLINEAR ALGEBRA
_957395
942 _cBK
_2ddc
999 _c567684
_d567684